[Event "IRI-ch Online"]
[Site "Chess.com INT"]
[Date "2021.03.17"]
[Round "6"]
[White "Malekzadeh, Mohammad"]
[Black "Chavari, Mohammad Mahdi"]
[Result "0-1"]
[WhiteElo "1752"]
[BlackElo "2060"]
[PlyCount "136"]
[EventDate "2021.03.15"]
[EventType "swiss (rapid)"]
[EventRounds "11"]
[EventCountry "IRI"]
[SourceTitle "CBM 201 Extra"]
[Source "ChessBase"]
[SourceDate "2021.05.31"]
[SourceVersion "1"]
[SourceVersionDate "2021.05.31"]
[SourceQuality "1"]

1. d4 d5 2. c4 e6 3. Nc3 a6 4. cxd5 exd5 5. Nf3 h6 6. Bf4 Nf6 7. e3 Bd6 8. Bxd6 Qxd6 9. Bd3 Nc6 10. 0-0 Bg4 11. h3 Bh5 12. Be2 0-0 13. Nd2 Bg6 14. Bf3 Rfe8 15. Rc1 Ne7 16. Re1 c6 17. Be2 Nf5 18. Nf3 Nd7 19. Bd3 Re7 20. Qc2 Qf6 21. Na4 Rae8 22. b4 Nh4 23. Nxh4 Bxd3 24. Qxd3 Qxh4 25. Nc5 Nb6 26. a4 Nc4 27. b5 cxb5 28. axb5 a5 29. Nb3 b6 30. Nd2 Nxd2 31. Qxd2 Re4 32. Rc6 R8e6 33. Rc8+ Kh7 34. Rc6 Qd8 35. f3 Rxc6 36. bxc6 Re7 37. Rc1 g6 38. Qc2 Rc7 39. Qa4 Qd6 40. Qb5 Qa3 41. Rd1 Qxe3+ 42. Kh1 Qc3 43. Qxd5 Qxc6 44. Qe5 Qc2 45. Re1 Qc3 46. Re3 Qc1+ 47. Re1 Qc4 48. d5 Rd7 49. d6 Qd3 50. Qb2 Qxd6 51. Re8 Qd1+ 52. Kh2 Qd4 53. Qe2 Qf4+ 54. Kg1 Rd2 55. Qe1 Qd4+ 56. Kh2 Qd6+ 57. Qe5 Qxe5+ 58. Rxe5 Rb2 59. Kg3 a4 60. h4 a3 61. Re3 a2 62. Ra3 b5 63. h5 b4 64. Ra7 Kg7 65. hxg6 Kxg6 66. Kf4 b3 67. g4 Rb1 68. Ra6+ Kg7 0-1

[Event "IRI-ch U16"]
[Site "Chess.com INT"]
[Date "2021.01.16"]
[Round "5"]
[White "Darini, Iliya"]
[Black "Malekzadeh, Mohammad"]
[Result "1/2-1/2"]
[WhiteElo "1862"]
[BlackElo "1752"]
[PlyCount "60"]
[EventDate "2021.01.16"]
[EventType "swiss"]
[EventRounds "11"]
[EventCountry "IRI"]
[SourceTitle "EXT 2022"]
[Source "ChessBase"]
[SourceDate "2021.10.06"]
[SourceVersion "1"]
[SourceVersionDate "2021.10.06"]
[SourceQuality "1"]

1. e4 c6 2. d4 d5 3. f3 Qb6 4. Nc3 dxe4 5. fxe4 e5 6. Nf3 exd4 7. Qxd4 Qxd4 8. Nxd4 Bc5 9. Nb3 Bb6 10. Bd3 Be6 11. Bf4 Nd7 12. 0-0-0 0-0-0 13. Na4 Bc7 14. Bxc7 Kxc7 15. Nac5 Nxc5 16. Nxc5 Nf6 17. Rhf1 Rhf8 18. Rde1 b6 19. Nxe6+ fxe6 20. e5 Ng4 21. Rxf8 Rxf8 22. h3 Nh6 23. Bxh7 Rf2 24. Be4 Nf7 25. Bg6 Nd8 26. Be4 Nf7 27. Bg6 Nd8 28. g4 Rh2 29. Re3 c5 30. Rf3 Re2 1/2-1/2

[Event "IRI-ch U16"]
[Site "Chess.com INT"]
[Date "2021.01.16"]
[Round "11"]
[White "Khaledi, Omid"]
[Black "Malekzadeh, Mohammad"]
[Result "1/2-1/2"]
[WhiteElo "1901"]
[BlackElo "1752"]
[PlyCount "72"]
[EventDate "2021.01.16"]
[EventType "swiss"]
[EventRounds "11"]
[EventCountry "IRI"]
[SourceTitle "EXT 2022"]
[Source "ChessBase"]
[SourceDate "2021.10.06"]
[SourceVersion "1"]
[SourceVersionDate "2021.10.06"]
[SourceQuality "1"]

1. e4 c6 2. d4 d5 3. exd5 cxd5 4. c4 Nf6 5. Nc3 e6 6. Nf3 Bb4 7. cxd5 Nxd5 8. Qc2 Nc6 9. Bd3 h6 10. 0-0 0-0 11. a3 Be7 12. Be3 Bf6 13. Rad1 Bd7 14. Qe2 Re8 15. Bb1 Nxe3 16. fxe3 g6 17. Ne4 Bg7 18. Nd6 Rf8 19. Nxb7 Qc7 20. Nc5 Ne7 21. Nxd7 Qxd7 22. e4 Rab8 23. b4 Rfe8 24. Qe3 a5 25. bxa5 Qa4 26. Qf4 Rf8 27. Qd6 Nc6 28. d5 exd5 29. exd5 Nd4 30. Nxd4 Bxd4+ 31. Kh1 Bg7 32. Qc5 Rb2 33. d6 Qg4 34. Qd5 Rd8 35. Be4 Rd7 36. Bf3 Qh4 1/2-1/2

[Event "IRI-ch U16"]
[Site "Chess.com INT"]
[Date "2021.01.16"]
[Round "6"]
[White "Malekzadeh, Mohammad"]
[Black "Nosratizadeh, Reza"]
[Result "1-0"]
[WhiteElo "1752"]
[BlackElo "1767"]
[PlyCount "115"]
[EventDate "2021.01.16"]
[EventType "swiss"]
[EventRounds "11"]
[EventCountry "IRI"]
[SourceTitle "EXT 2022"]
[Source "ChessBase"]
[SourceDate "2021.10.06"]
[SourceVersion "1"]
[SourceVersionDate "2021.10.06"]
[SourceQuality "1"]

1. d4 Nf6 2. c4 e6 3. Nc3 Bb4 4. Qc2 0-0 5. e4 d5 6. e5 Ne4 7. Bd3 c5 8. Nf3 cxd4 9. Nxd4 Nd7 10. Bf4 Qh4 11. g3 Qh5 12. h4 Nxe5 13. Be2 Ng4 14. Bxg4 Qxg4 15. f3 Qh5 16. g4 Qg6 17. fxe4 e5 18. 0-0-0 Bxc3 19. Bxe5 Bxd4 20. Rxd4 dxc4 21. Rxc4 Be6 22. Rc7 Rac8 23. Rxc8 Rxc8 24. Bc3 b5 25. a3 a5 26. b4 axb4 27. axb4 Bxg4 28. Kb2 h5 29. Qd3 Rc4 30. Re1 Qc6 31. Re3 Qe8 32. Qd5 Kh7 33. Re1 f6 34. e5 Qc8 35. Re3 fxe5 36. Qxe5 Qd7 37. Rd3 Qf7 38. Qxb5 Be6 39. Qg5 Rg4 40. Qe5 Rg2+ 41. Rd2 Rg4 42. b5 Ra4 43. Qe2 Ra2+ 44. Kc1 Ra3 45. Bb2 Rf3 46. Qe4+ Rf5 47. Rf2 Qc7+ 48. Qc2 Qxc2+ 49. Rxc2 Rxb5 50. Rc7 Rb4 51. Rxg7+ Kh6 52. Re7 Rc4+ 53. Kd2 Bf5 54. Bf6 Kg6 55. Bg5 Rc2+ 56. Ke3 Rc3+ 57. Kd4 Rd3+ 58. Ke5 1-0